Heat transfer (Record no. 3641)

000 -LEADER
fixed length control field 00564nam a2200229 a 4500
001 - CONTROL NUMBER
control field 3641
003 - CONTROL NUMBER IDENTIFIER
control field BD-DhUET
008 - FIXED-LENGTH DATA ELEMENTS--GENERAL INFORMATION
fixed length control field 960506s1997 nyua b 001 0 eng
020 ## - INTERNATIONAL STANDARD BOOK NUMBER
International Standard Book Number 0071143203
020 ## - INTERNATIONAL STANDARD BOOK NUMBER
International Standard Book Number 0078447852
040 ## - CATALOGING SOURCE
Original cataloging agency DLC
Transcribing agency DLC
Modifying agency BD-DhUET
082 00 - DEWEY DECIMAL CLASSIFICATION NUMBER
Classification number 621.011
Item number HOL/1997
100 1# - MAIN ENTRY--PERSONAL NAME
Personal name Holman, J. P.
245 10 - TITLE STATEMENT
Title Heat transfer
250 ## - EDITION STATEMENT
Edition statement 8th ed.
260 ## - PUBLICATION, DISTRIBUTION, ETC. (IMPRINT)
Place of publication, distribution, etc. New York
Name of publisher, distributor, etc. McGraw-Hill
Date of publication, distribution, etc. 1997
300 ## - PHYSICAL DESCRIPTION
Extent xviii, 696 p.
Other physical details ill.
490 ## - SERIES STATEMENT
Series statement Schaum's outline series
504 ## - BIBLIOGRAPHY, ETC. NOTE
Bibliography, etc Includes bibliographies
650 #0 - SUBJECT ADDED ENTRY--TOPICAL TERM
Topical term or geographic name as entry element Heat transfer
942 ## - ADDED ENTRY ELEMENTS (KOHA)
Koha item type General Book
Holdings
Koha full call number Lost status Koha date last borrowed Koha item type Koha date last seen Sublocation or collection (holding branch) Date acquired Koha issues (times borrowed) Location (home branch) Not for loan Copy number Source of classification or shelving scheme Shelving location Damaged status Price effective from Piece designation (barcode) Withdrawn status Koha normalized classification for sorting Koha out on loan
621.011/HOL/1997 2025-04-27General Book2025-04-27Central Library, BUET2014-11-033Central Library, BUET 1 Circulation section 2014-11-0392450 621_011000000000000_HOL_19972025-05-11
621.011/HOL/1997  General Book2014-11-03Central Library, BUET2014-11-03 Central Library, BUET 2 Circulation section 2014-11-0392452 621_011000000000000_HOL_1997 
621.011/HOL/1997  General Book2016-07-30Central Library, BUET2014-11-03 Central Library, BUET 3 Circulation section 2014-11-0392453 621_000000000000000_011HOL1997 
621.011/HOL/1997 2022-01-09General Book2022-06-08Central Library, BUET2014-11-031Central Library, BUET 4 Circulation section 2014-11-0392454 621_000000000000000_011HOL1997 
621.011/HOL/1997 2024-10-02General Book2024-10-28Central Library, BUET2014-11-032Central Library, BUET 5 Circulation section 2014-11-0392455 621_000000000000000_011HOL1997 
621.011/HOL/1997 2023-12-10General Book2024-08-31Central Library, BUET2014-11-033Central Library, BUET 6 Circulation section 2014-11-0392457 621_000000000000000_011HOL1997 
621.011/HOL/1997  General Book2014-11-03Central Library, BUET2014-11-03 Central Library, BUET 7 Circulation section 2014-11-0392459 621_000000000000000_011HOL1997 
621.011/HOL/1997 2024-03-12General Book2024-08-28Central Library, BUET2014-11-031Central Library, BUET 8 Circulation section 2014-11-0392460 621_011000000000000_HOL_1997 
621.011/HOL/1997 2024-04-08General Book2024-06-22Central Library, BUET2014-11-031Central Library, BUET 9 Circulation section 2014-11-0392461 621_000000000000000_011HOL1997 
621.011/HOL/1997 2024-12-10General Book2025-03-12Central Library, BUET2014-11-035Central Library, BUET 10 Circulation section 2014-11-0392462 621_000000000000000_011HOL1997 
621.011/HOL/1997 2015-03-04General Book2017-05-03Central Library, BUET2014-11-031Central Library, BUET 11 Circulation section 2014-11-0392464 621_000000000000000_011HOL1997 
621.011/HOL/1997 2019-06-17General Book2019-07-10Central Library, BUET2014-11-033Central Library, BUET 12 Circulation section 2014-11-0392465 621_000000000000000_011HOL1997 
621.011/HOL/1997 2022-05-24General Book2022-06-08Central Library, BUET2014-11-033Central Library, BUET 13 Circulation section 2014-11-0392466 621_000000000000000_011HOL1997 
621.011 HOL/1997  General Book2015-04-12Central Library, BUET2015-04-12 Central Library, BUET 14 Circulation section 2015-04-1292468 621_011000000000000_HOL_1997 
621.011/HOL/1997  Reading Item2015-07-02Central Library, BUET2015-07-02 Central Library, BUET 15 Reading section 2015-07-0292447 621_011000000000000_HOL_1997 
621.011/HOL/1997  Reading Item2015-07-09Central Library, BUET2015-07-09 Central Library, BUET 16 Reading section 2015-07-0992446 621_011000000000000_HOL_1997